000 00686nam a22002052 4500
001 0000008468
005 20151217152034.0
008 080415s xx 000 0 eng d
020 _a0875523900 :
_cKES 700
040 _aKABU
_cKABU
100 1 _aMacNair, Donald J.
_@0000159051
245 1 4 _aThe Practices of a healthy church :
_bBiblical strategies for vibrant church life and ministry /
_cDonald J. MacNair with Esther L. Meek.
260 _aPhillipsburg, NJ. :
_bP&R,
_c1999.
300 _axv, 253 p.
650 0 _aChurch growth.
_@0000159052
700 1 _aMeek, Esther L.
_@0000159053
908 _a080415
950 _@1
999 _c7584
_d7584